লোডিং...

Persuasive speaking /

গ্রন্থ-পঞ্জীর বিবরন
প্রধান লেখক: Jehan, W George .
বিন্যাস: Printed Book
প্রকাশিত: U K :
বিষয়গুলি:
LEADER 00363cam a2200133ua 4500
082 1 4 |a 421  |b JEH-P 
100 1 |a Jehan, W George . 
245 1 0 |a Persuasive speaking /  
260 |a  U K :  
300 |a 186p.;  
650 0 |a Phonetics 
942 |c SEC.COL 
999 |c 25152  |d 25152 
952 |0 0  |1 0  |4 0  |6 421_000000000000000_JEHP  |7 0  |9 31868  |a KU  |b KU  |d 2015-07-05  |o 421 JEH-P  |p EN03966  |y SEC.COL